| 000 | 00519nam a2200181Ia 4500 | ||
|---|---|---|---|
| 005 | 20250423100453.0 | ||
| 008 | 250422s9999 xx 000 0 und d | ||
| 020 | _a9780132974851 | ||
| 050 | _aRM 125 .W55/ | ||
| 100 | _aWilson, Billie A...[et al.] | ||
| 245 | 0 | _aPearson nurse's drug guide. | |
| 260 | _aNew York | ||
| 260 | _bPearson | ||
| 260 | _c2013 | ||
| 300 | _a1761 p | ||
| 650 | _aChemotherapy--Handbooks, manuals, etc. Drugs--Handbooks, manuals, etc. Nursing--Handbooks, manuals, etc. | ||
| 942 | _cBK | ||
| 999 |
_c33404 _d33404 |
||